Análisis de decisiones: técnicas y situaciones aplicables a directivos y profesionales

Gardado en:
Detalles Bibliográficos
Autor Principal: León, Orfelio G (Author)
Formato: Libro
Idioma:Lingua castelá
Publicado: Madrid McGraw-Hill Interamericana 1994
Series:Serie McGraw-Hill de Management
Subjects:
Tags: Engadir etiqueta
Sen Etiquetas, Sexa o primeiro en etiquetar este rexistro!

MARC

LEADER 00000nam a2200000 a 4500
001 UCM2439
003 CL-VaPUC
008 020510e19940000SP |||||||||||||||||spa|d
082 0 4 |a 658.4  |b LEO  |2 21 
100 |a León, Orfelio G  |e author  |9 564596 
245 1 0 |a Análisis de decisiones: técnicas y situaciones aplicables a directivos y profesionales 
300 |a 237 p 
942 |c BK 
945 |d 20020510 00:00:00  |a cmena 
260 |a Madrid  |b McGraw-Hill Interamericana  |c 1994 
650 0 |a Toma de decisiones   |9 257530 
650 0 |a Creatividad   |9 310816 
650 0 |a Resolución de problemas  |9 407199 
650 0 |a Administración de empresas   |9 260833 
583 |a last modification  |c 20020510 00:00:00  |k Rodrigo Vera 
490 0 |a Serie McGraw-Hill de Management 
999 |c 300284  |d 300282 
952 |0 0  |1 0  |4 0  |6 658_400000000000000_LEO_1994  |7 0  |8 A  |9 357865  |a BIBGIM  |b BIBGIM  |d 2019-11-21  |i 2973715  |o 658.4 LEO 1994  |p 2973715  |r 2025-01-15  |w 2019-11-21  |y BK  |k COM